• 首页
  • 本馆介绍
  • 公告通知
  • 最新文献
  • 馆藏检索
  • 电子资源
  • 读者导购
  • 参考咨询
  • 我的图书馆
  • 登录
  • 详细信息显示
  • 放入我的书架
  • 预约/预借图书
  • 作者相关作品
  • 分类相关作品
  • 丛书相关作品
  • 出版社相关作品

书目信息

  • 表格格式
  • 工作单格式
  • 卡片格式
题名:
单车手册
    
 
作者: 彼得森 著 ;潘震 译
分册:  
出版信息: 北京   人民邮电出版社  2014
页数: 160页
开本: 21cm
丛书名:
单 册:
中图分类: G872.3
科图分类:
主题词: 自行车运动--基本知识
电子资源:
ISBN: 978-7-115-34986-6
000 01180nam0 2200277 450
001 337701
005 20150526095305.32
010    @a978-7-115-34986-6@dCNY35.00
100    @a20140604d2014 em y0chiy50 ea
101 1  @achi@ceng
102    @aCN@b110000
105    @aa z 000yy
106    @ar
200 1  @a单车手册@Adan che shou ce@d= Just ride@e放在口袋里的单车实用指南@ea radically practical guide to riding your bike@f(美) Grant Petersen著@g潘震译@zeng
210    @a北京@c人民邮电出版社@d2014
215    @a160页@c图@d21cm
305    @a由BIG APPLE AGENCY代理Workman Publishing Company授权出版
330    @a本书用作者多年的骑行经验告诉读者: 如何正确骑行、快乐骑行。具体内容包括: 正确的骑行姿势、骑行的技术和技巧、骑行的服装、骑行饮食健康, 以及自行车的配件安装、维修与保养等。
510 1  @aJust ride@ea radically practical guide to riding your bike@zeng
517 1  @a放在口袋里的单车实用指南@Afang zai kou dai li de dan che shi yong zhi nan
606 0  @a自行车运动@x基本知识
690    @aG872.3@v5
701  0 @c(美)@a彼得森@Abi de sen@c(Petersen, Grant)@4著
702  0 @a潘震@Apan zhen@f(1980)@4译
801  0 @aCN@b卓展宏图@c20150525
905    @dG872.3@e88@f4
    
    单车手册= Just ride:放在口袋里的单车实用指南:a radically practical guide to riding your bike/(美) Grant Petersen著/潘震译.-北京:人民邮电出版社,2014
    160页:图;21cm
    
    
    ISBN 978-7-115-34986-6:CNY35.00
    本书用作者多年的骑行经验告诉读者: 如何正确骑行、快乐骑行。具体内容包括: 正确的骑行姿势、骑行的技术和技巧、骑行的服装、骑行饮食健康, 以及自行车的配件安装、维修与保养等。
●
相关链接 在E读中查询图书 在五车中查询图书 在当当中查询图书 在豆瓣中查询图书


正题名:单车手册     索取号:G872.3/88         预约/预借

序号 登录号 条形码 馆藏地/架位号 状态 备注
1 854350   208543502   第一样本阅览室/ [索取号:G872.3/88] 在馆    
2 854351   208543511   第四借阅区/ [索取号:G872.3/88] 在馆    
3 854352   208543520   第四借阅区/ [索取号:G872.3/88] 在馆    
4 854353   208543539   教育系资料室/ [索取号:G872.3/88] 在馆    
唐山师范学院图书馆 欢迎您!
大连网信软件有限公司© 版权所有